000 00781cam a2200229 a 4500
001 000000994
005 20200929145448.0
008 970724s1998 nyu 000 0 eng
020 _a0609602438 (alk. paper)
040 _aDO-SdBNP
_cDLC
_dDLC
082 _a891.5511
_bJ26
100 0 _aJalal al-Din Rumi,
_cMaulana,
_d1207-1273.
_93467
240 1 0 _aSelections.
_lEnglish.
_f1998
245 1 4 _aThe love poems of Rumi /
_cedited by Deepak Chopra ; translated by Deepak Chopra and Fereydoun Kia.
260 _aNew York :
_bHarmony Books,
_cc1998.
300 _a62, [1] p. ;
_c19 cm.
650 4 _aLiteraturas iráneas
_93468
650 4 _aPoemas
_93469
700 1 _aKia, Fereydoun.
_etrad.
_93470
700 1 _aChopra, Deepak
_eed.
_etrad.
_93471
910 _aCatalogación por copia / LC
999 _c975
_d975